| 000 | 01433cam a22004094i 4500 | ||
|---|---|---|---|
| 003 | PE-LiUPU | ||
| 005 | 20250731175623.0 | ||
| 008 | 150623s r 000 0 d | ||
| 020 | _a9507010971 | ||
| 035 | _a(Sirsi) i9789507010972 | ||
| 040 |
_aPE-LiUPU _bspa _cPE-LiUPU _erda |
||
| 049 | _aPRUA | ||
| 082 | 0 | 4 |
_a463 _bM26 _221 |
| 100 | 1 |
_aMarín, Marta, _eautor. |
|
| 245 | 1 | 0 |
_aConceptos claves: gramática, lingüística y literatura / _cMarta Marín. |
| 264 | 1 |
_aBuenos Aires : _bAique, _c1997. |
|
| 300 |
_a239 páginas : _bilustraciones, diagrámas ; _c22.5 centímetros |
||
| 336 |
_atext _2rdacontent |
||
| 337 |
_aunmediated _2rdamedia |
||
| 338 |
_avolume _2rdacarrier |
||
| 490 | 0 | _aSerie de la Palabra | |
| 504 | _aIncluye bibliografía. | ||
| 505 | 0 | _aConceptos claves: gramática, lingüística y literatura. | |
| 526 | _aP145 | ||
| 526 | _aP127 | ||
| 526 | _aP97 | ||
| 526 | _aP35 | ||
| 526 | _aP14 | ||
| 526 | _aP07 | ||
| 650 | 0 | 4 |
_aGramática _vTerminología. |
| 942 |
_2ddc _cBOOK |
||
| 949 |
_a463 M26 _wDEWEY _c1 _i45445 _lCCODEBUL1 _mBUL _r0 _sY _tBOOK _u2015-6-24 _xEDUCACION _zUNKNOWN _0COMPRA _o.STAFF. Colección General |
||
| 994 |
_aC0 _bPEPRU |
||
| 596 | _a1 | ||
| 999 |
_a463 M26 _wDEWEY _c22307 _i45445 _d22307 _e2018-8-26 _f2021-11-8 _g5 _lCCODEBUL1 _mBUL _n1 _r0 _sN _tBOOK _u2015-6-24 _xEDUCACION _zUNKNOWN _0COMPRA _o.STAFF. Colección General |
||
| 980 |
_81 _gALBERTO SANCHEZ Responsable de Automatización |
||